000 00388nam a2200121Ia 4500
008 220216s9999 xx 000 0 und d
100 _aBaptiste E D C
245 0 _aBreeding for high yield and disease rresistance in Hevea
260 _bProceedings of the Natural Rubber Research Conference, Kuala Lumpur, 1960; p430-445
650 _aDisease resistance
650 _aHevea
942 _cJS
999 _c54939
_d54939